000 00452nam a2200169Ia 4500
008 090711s9999 xx 000 0 und d
082 _b66449
100 _aबांदोडकर व. पु.
245 _aअंदाज
260 _c1991
300 _a183
600 _aबांदोडकर व. पु.
630 _aअंदाज
700 _aबांदोडकर व. पु.
730 _aअंदाज
942 _cBOOK
999 _c300921
_d300921